Những đức tính vàng mà thanh thiếu niên cần phải có

Uloženo v:
Podrobná bibliografie
Médium: Kniha
Jazyk:Undetermined
Vydáno: Hà Nội Thanh niên 2007
Témata:
Tagy: Přidat tag
Žádné tagy, Buďte první, kdo otaguje tento záznam!
Thư viện lưu trữ: Trung tâm Học liệu Trường Đại học Cần Thơ
LEADER 00558nam a2200193Ia 4500
001 CTU_129499
008 210402s9999 xx 000 0 und d
020 |c 27500 
082 |a 305.24 
082 |b Nh556/T.2 
245 0 |a Những đức tính vàng mà thanh thiếu niên cần phải có 
245 0 |c Văn Toàn (biên soạn) 
260 |a Hà Nội 
260 |b Thanh niên 
260 |c 2007 
650 |a Young adults,Youth 
650 |z Vietnam 
904 |i Giang 
980 |a Trung tâm Học liệu Trường Đại học Cần Thơ